00292 a2200109 4500001000700000020000600007040001100013100004400024240005500068245005000123362000900173165617 a  cMagnum aNeves, Iara Conceicao Bitencourt Et Al.10aLer e escrever: compromisso de todas as areaslpor10aLer e escrever: compromisso de todas as areas0 a1899